000 01431nam a22003374a 4500
001 ebr10155129
003 CaPaEBR
006 m u
007 cr cn|||||||||
008 050705s2006 nyu sb 101 0 eng
010 _z 2005049306
020 _z1403972532
040 _aCaPaEBR
_cCaPaEBR
035 _a(OCoLC)124039433
043 _aa-cc---
050 1 4 _aHF5387.5.C6
_bI58 2002eb
082 0 4 _a174/.4/0951
_222
111 2 _aInternational Conference on Developing Business Ethics in China
_d(2002 :
_cShanghai, China)
245 1 0 _aDeveloping business ethics in China
_h[electronic resource] /
_cedited by Xiaohe Lu and Georges Enderle.
260 _aNew York :
_bPalgrave Macmillan,
_c2006.
300 _avii, 293 p.
500 _aSelected papers from the International Conference on Developing Business Ethics in China, held in Shanghai on May 29-31, 2002.
504 _aIncludes bibliographical references and indexes.
533 _aElectronic reproduction.
_bPalo Alto, Calif. :
_cebrary,
_d2013.
_nAvailable via World Wide Web.
_nAccess may be limited to ebrary affiliated libraries.
650 0 _aBusiness ethics
_zChina
_vCongresses.
655 7 _aElectronic books.
_2local
700 1 _aLu, Xiaohe.
700 1 _aEnderle, Georges.
710 2 _aebrary, Inc.
856 4 0 _uhttp://site.ebrary.com/lib/rucke/Doc?id=10155129
_zAn electronic book accessible through the World Wide Web; click to view
999 _c93518
_d93518